| 000 | 00658nam a22001697a 4500 | ||
|---|---|---|---|
| 008 | 220520b |||||||| |||| 00| 0 eng d | ||
| 020 | _a0820311545. | ||
| 050 | _aF2178. U16 L38 1989 | ||
| 100 |
_aLangley, D. Lester _951749 |
||
| 245 |
_aThe United States and the Carbbean in the twentieth century; _cLester, D. Langley |
||
| 260 |
_aLondon: _bThe University of Georgia Press; _c1980. |
||
| 300 |
_axi,341p,; _c23cm. |
||
| 650 |
_aCaribbean area; _xforeign relations _zUnited States _951750 |
||
| 650 |
_aUnited States _xforeign relations _zCaribbean area _951751 |
||
| 650 |
_aUnited States _xforeign relations _y20th century _951752 |
||
| 942 |
_2lcc _cMONOGRAPH |
||
| 999 |
_c131490 _d131490 |
||